[Event "Caissa New Year Int. Rating"]
[Site "Kecskemet (HUN)"]
[Date "2011.12.27"]
[Round "1.1"]
[White "Rajaryan, Kuvelkar"]
[Black "Zsiros, Laszlo"]
[Result "1/2-1/2"]
[WhiteElo "1687"]
[BlackElo "1904"]
[PlyCount "52"]
[EventDate "2011.??.??"]

1. d4 d5 2. Nf3 Bf5 3. e3 c6 4. c4 e6 5. Nc3 Nf6 6. cxd5 exd5 7. Ne5 Bd6 8. f4
Bxe5 9. dxe5 Ne4 10. Nxe4 Bxe4 11. Qg4 g6 12. h4 h5 13. Qg5 Qxg5 14. hxg5 Nd7
15. Bd2 Nc5 16. Bb4 Ne6 17. Rc1 O-O-O 18. Kf2 Rd7 19. Bd6 Ng7 20. Be2 Nf5 21.
Bc5 Kb8 22. Bg4 b6 23. Bd4 Rc8 24. Bxf5 Bxf5 25. b4 Kb7 26. a4 Rdd8 1/2-1/2

[Event "Caissa New Year Int. Rating"]
[Site "Kecskemet (HUN)"]
[Date "2011.12.28"]
[Round "2.2"]
[White "Nitish, Belurkar"]
[Black "Haukenes, Alise"]
[Result "1/2-1/2"]
[WhiteElo "1662"]
[BlackElo "1655"]
[PlyCount "84"]
[EventDate "2011.??.??"]

1. d4 Nf6 2. Nf3 e6 3. e3 d5 4. Bd3 c5 5. c3 Be7 6. Nbd2 O-O 7. O-O Nc6 8. Qe2
Bd7 9. dxc5 Bxc5 10. e4 dxe4 11. Nxe4 Be7 12. Nxf6+ Bxf6 13. Qe4 g6 14. Bh6 Bg7
15. Bxg7 Kxg7 16. Rad1 Qf6 17. Rfe1 Rfd8 18. h4 Rab8 19. Bc2 Be8 20. h5 Rxd1
21. Rxd1 Rd8 22. hxg6 Rxd1+ 23. Bxd1 hxg6 24. Be2 a6 25. Bf1 Qd8 26. Ne5 Qd6
27. Nxc6 Bxc6 28. Qd3 Qxd3 29. Bxd3 Kf6 30. f3 Ke5 31. Kf2 f5 32. g3 g5 33. Ke3
f4+ 34. Kf2 b5 35. g4 Bd5 36. b3 Bc6 37. a3 Bd5 38. b4 Kd6 39. Bc2 Kc6 40. Bh7
Kb6 41. Bc2 a5 42. Bh7 a4 1/2-1/2

[Event "Caissa New Year Int. Rating"]
[Site "Kecskemet (HUN)"]
[Date "2011.12.28"]
[Round "2.3"]
[White "Rajaryan, Kuvelkar"]
[Black "Marosi, Csaba"]
[Result "1/2-1/2"]
[WhiteElo "1687"]
[BlackElo "1972"]
[PlyCount "122"]
[EventDate "2011.??.??"]

1. d4 e6 2. Nf3 c5 3. e3 cxd4 4. exd4 Nf6 5. Bd3 d6 6. c3 Be7 7. O-O a6 8. Nbd2
Qc7 9. Qe2 O-O 10. Ne4 Nbd7 11. Bg5 h6 12. Nxf6+ Nxf6 13. Bxf6 Bxf6 14. h3 Bd7
15. Qe4 g6 16. Qf4 Bg7 17. g4 Bc6 18. g5 h5 19. Be4 Rac8 20. Nh4 Bxe4 21. Qxe4
Qc6 22. Qxc6 Rxc6 23. f4 d5 24. Rae1 b5 25. Rf3 b4 26. Kf2 Rfc8 27. Ree3 a5 28.
Ng2 Rb6 29. Ne1 bxc3 30. bxc3 Rb2+ 31. Re2 Rb1 32. Rd3 Bf8 33. Rc2 Bd6 34. Rf3
Rcb8 35. Nd3 Rd1 36. Nb2 Ra1 37. Nd3 Rbb1 38. Ke2 Rh1 39. Rd2 Ba3 40. Rc2 Kf8
41. Kd2 Ke7 42. Ke2 Rhg1 43. Kd2 Bd6 44. Ke2 Ke8 45. Rb2 Rgb1 46. Rxb1 Rxb1 47.
Rf1 Rb6 48. Kd2 f6 49. gxf6 Kf7 50. Ne5+ Bxe5 51. fxe5 Rb2+ 52. Kd3 Rxa2 53.
Rb1 g5 54. Rb7+ Kg6 55. Rg7+ Kh6 56. Rg8 Rf2 57. Ke3 Rf5 58. Ra8 g4 59. hxg4
hxg4 60. Rxa5 g3 61. Ra1 Kg5 1/2-1/2

[Event "Caissa New Year Int. Rating"]
[Site "Kecskemet (HUN)"]
[Date "2011.12.28"]
[Round "3.1"]
[White "Marosi, Csaba"]
[Black "Zsiros, Laszlo"]
[Result "1-0"]
[WhiteElo "1972"]
[BlackElo "1904"]
[PlyCount "65"]
[EventDate "2011.??.??"]

1. d4 Nf6 2. c4 g6 3. Nf3 Bg7 4. g3 O-O 5. Bg2 d6 6. O-O c5 7. b3 Nc6 8. Bb2
Ne4 9. Nbd2 Bf5 10. Nh4 Nxd2 11. Qxd2 Nxd4 12. Nxf5 Nxf5 13. Bxg7 Nxg7 14. Bxb7
Rb8 15. Bf3 Qb6 16. h4 Qb4 17. Qc1 a5 18. Kg2 a4 19. Rb1 axb3 20. axb3 Nf5 21.
h5 Nd4 22. Rh1 Nxf3 23. exf3 Qb7 24. Qh6 e6 25. Rh4 Qe7 26. Rbh1 Rfc8 27. hxg6
fxg6 28. g4 Rxb3 29. g5 Qg7 30. Qxg7+ Kxg7 31. Rxh7+ Kf8 32. Rh8+ Ke7 33. R1h7#
1-0

[Event "Caissa New Year Int. Rating"]
[Site "Kecskemet (HUN)"]
[Date "2011.12.28"]
[Round "3.2"]
[White "Haukenes, Alise"]
[Black "Rajaryan, Kuvelkar"]
[Result "1/2-1/2"]
[WhiteElo "1655"]
[BlackElo "1687"]
[PlyCount "141"]
[EventDate "2011.??.??"]

1. d4 Nf6 2. c4 g6 3. Nf3 Bg7 4. e4 d6 5. Nc3 O-O 6. Be2 Bg4 7. O-O Nfd7 8. Be3
Nc6 9. Ne1 Bxe2 10. Nxe2 e5 11. d5 Ne7 12. b4 a5 13. a3 f5 14. f3 f4 15. Bf2 g5
16. h3 h5 17. g4 Qe8 18. Kg2 Qg6 19. Nd3 Nf6 20. Nc3 axb4 21. axb4 Rxa1 22.
Qxa1 Qh7 23. Rh1 Kf7 24. c5 Rh8 25. Nb5 Nxe4 26. Qe1 Nxf2 27. Nxf2 Nxd5 28.
cxd6 c6 29. Ne4 Qg6 30. Na3 Ne3+ 31. Kf2 hxg4 32. hxg4 Rxh1 33. Qxh1 Bf8 34.
Qh5 Qxh5 35. gxh5 Ke6 36. Nxg5+ Kxd6 37. h6 Ke7 38. h7 Bg7 39. Ne4 b6 40. Ke2
Kf7 41. Nd6+ Kg6 42. Ndc4 Nd5 43. Nc2 Kxh7 44. Kd3 Kg6 45. Ke4 Kf6 46. Nxe5
Nc3+ 47. Kd3 Kxe5 48. Kxc3 Kd5+ 49. Kd3 Bb2 50. Ne1 c5 51. Kc2 Be5 52. bxc5
bxc5 53. Kd3 c4+ 54. Kd2 Bd6 55. Kc3 Bc7 56. Ng2 Be5+ 57. Kd2 Kd4 58. Ne1 c3+
59. Ke2 Kc4 60. Nc2 Bd4 61. Ne1 Be3 62. Nc2 Kb3 63. Kd3 Kb2 64. Nb4 Bd2 65. Nc2
Kc1 66. Nd4 Kd1 67. Nc2 Be3 68. Nb4 Ke1 69. Nd5 Kf2 70. Kxc3 Kxf3 71. Nxf4
1/2-1/2

[Event "Caissa New Year Int. Rating"]
[Site "Kecskemet (HUN)"]
[Date "2011.12.28"]
[Round "3.3"]
[White "Kovacs, Zoltan"]
[Black "Nitish, Belurkar"]
[Result "0-1"]
[WhiteElo "2075"]
[BlackElo "1662"]
[PlyCount "38"]
[EventDate "2011.??.??"]

1. e4 c5 2. Nf3 Nc6 3. Bb5 g6 4. O-O Bg7 5. Re1 e6 6. c3 Nge7 7. d4 cxd4 8.
cxd4 Qb6 9. Bxc6 Nxc6 10. d5 Nd4 11. Nxd4 Bxd4 12. Qe2 O-O 13. Nc3 Bg7 14. Be3
Qb4 15. a3 Qe7 16. Nb5 d6 17. Nxa7 exd5 18. exd5 Qe5 19. Red1 Rxa7 0-1

[Event "Caissa New Year Int. Rating"]
[Site "Kecskemet (HUN)"]
[Date "2011.12.29"]
[Round "4.1"]
[White "Zsiros, Laszlo"]
[Black "Nitish, Belurkar"]
[Result "0-1"]
[WhiteElo "1904"]
[BlackElo "1662"]
[PlyCount "73"]
[EventDate "2011.??.??"]

1. e4 c5 2. Nf3 g6 3. c3 Bg7 4. Na3 Nc6 5. Nc2 Nf6 6. d3 O-O 7. Be2 d5 8. e5
Ne8 9. d4 cxd4 10. cxd4 f6 11. exf6 Nxf6 12. O-O Kh8 13. a4 Bf5 14. Ne3 Ne4 15.
Nxf5 gxf5 16. Bf4 e6 17. Ne5 Nxe5 18. Bxe5 Bxe5 19. dxe5 Qc7 20. Qd4 Rg8 21.
Ra3 Qg7 22. g3 f4 23. g4 Rac8 24. f3 Ng5 25. h4 Nf7 26. Qxf4 Nxe5 27. Re3 Ng6
28. Qg3 Qd4 29. Qf2 Nf4 30. Kh2 Rc2 31. Kg3 Nh5+ 32. Kh2 Qf4+ 33. Kg2 Qd6 34.
Kg1 d4 35. Re4 d3 36. Rd4 Qb8 37. Rxd3 0-1

[Event "Caissa New Year Int. Rating"]
[Site "Kecskemet (HUN)"]
[Date "2011.12.29"]
[Round "4.2"]
[White "Rajaryan, Kuvelkar"]
[Black "Kovacs, Zoltan"]
[Result "1/2-1/2"]
[WhiteElo "1687"]
[BlackElo "2075"]
[PlyCount "72"]
[EventDate "2011.??.??"]

1. d4 Nf6 2. Nf3 g6 3. Bg5 d5 4. e3 Bg7 5. Nbd2 c5 6. c3 cxd4 7. exd4 Qb6 8.
Qb3 Qxb3 9. axb3 Bf5 10. Bb5+ Bd7 11. Bxd7+ Nbxd7 12. Ke2 O-O 13. Ne5 Nxe5 14.
dxe5 Ne4 15. Nxe4 dxe4 16. Bxe7 Rfe8 17. Bf6 Bxf6 18. exf6 Re6 19. Ra4 a6 20.
Rd1 Rae8 21. Rdd4 e3 22. f3 Rxf6 23. Re4 Rd8 24. Rxe3 Rfd6 25. Kf2 Rd1 26. Rae4
Kf8 27. Re2 Rb1 28. Rd4 Rxd4 29. cxd4 Rd1 30. Ke3 Ke7 31. Rd2 Re1+ 32. Kd3 Kd7
33. Kc4 Rc1+ 34. Kd3 Kd6 35. Re2 Rd1+ 36. Kc3 Rc1+ 1/2-1/2

[Event "Caissa New Year Int. Rating"]
[Site "Kecskemet (HUN)"]
[Date "2011.12.29"]
[Round "4.3"]
[White "Marosi, Csaba"]
[Black "Haukenes, Alise"]
[Result "1/2-1/2"]
[WhiteElo "1972"]
[BlackElo "1655"]
[PlyCount "26"]
[EventDate "2011.??.??"]

1. e4 c5 2. Nf3 g6 3. c4 Bg7 4. d4 cxd4 5. Nxd4 Nc6 6. Be3 Nf6 7. Nc3 O-O 8. f3
d6 9. Be2 Bd7 10. O-O Qb6 11. Na4 Qd8 12. Nc3 Qb6 13. Na4 Qd8 1/2-1/2

[Event "Caissa New Year Int. Rating"]
[Site "Kecskemet (HUN)"]
[Date "2011.12.30"]
[Round "5.1"]
[White "Haukenes, Alise"]
[Black "Zsiros, Laszlo"]
[Result "1/2-1/2"]
[WhiteElo "1655"]
[BlackElo "1904"]
[PlyCount "27"]
[EventDate "2011.??.??"]

1. d4 d5 2. c4 e6 3. Nc3 c6 4. Nf3 Nf6 5. Bg5 Be7 6. e3 Nbd7 7. Bd3 O-O 8. O-O
Ne8 9. Bf4 f5 10. cxd5 exd5 11. h3 Ndf6 12. Ne5 Nd6 13. Qc2 Be6 14. Na4 1/2-1/2

[Event "Caissa New Year Int. Rating"]
[Site "Kecskemet (HUN)"]
[Date "2011.12.30"]
[Round "5.2"]
[White "Kovacs, Zoltan"]
[Black "Marosi, Csaba"]
[Result "1/2-1/2"]
[WhiteElo "2075"]
[BlackElo "1972"]
[PlyCount "24"]
[EventDate "2011.??.??"]

1. e4 e6 2. d4 d5 3. exd5 exd5 4. Nf3 Nf6 5. c3 c6 6. Bf4 Bd6 7. Bxd6 Qxd6 8.
Bd3 O-O 9. O-O Bg4 10. Nbd2 Nbd7 11. Re1 Rfe8 12. Rxe8+ Rxe8 1/2-1/2

[Event "Caissa New Year Int. Rating"]
[Site "Kecskemet (HUN)"]
[Date "2011.12.30"]
[Round "5.3"]
[White "Nitish, Belurkar"]
[Black "Rajaryan, Kuvelkar"]
[Result "1/2-1/2"]
[WhiteElo "1662"]
[BlackElo "1687"]
[PlyCount "22"]
[EventDate "2011.??.??"]

1. d4 Nf6 2. Nf3 g6 3. e3 Bg7 4. Bd3 d6 5. Nbd2 O-O 6. O-O Nc6 7. c3 e5 8. e4
Bg4 9. d5 Ne7 10. h3 Bxf3 11. Nxf3 Nd7 1/2-1/2

[Event "Caissa New Year Int. Rating"]
[Site "Kecskemet (HUN)"]
[Date "2011.12.31"]
[Round "6.1"]
[White "Zsiros, Laszlo"]
[Black "Rajaryan, Kuvelkar"]
[Result "1/2-1/2"]
[WhiteElo "1904"]
[BlackElo "1687"]
[PlyCount "47"]
[EventDate "2011.??.??"]

1. d4 Nf6 2. Nf3 g6 3. c3 Bg7 4. g3 d6 5. Bg2 O-O 6. O-O c6 7. Nbd2 Qa5 8. Re1
Qh5 9. Nf1 Bh3 10. e4 Nbd7 11. Bxh3 Qxh3 12. Ng5 Qh5 13. Qxh5 Nxh5 14. Kg2 e5
15. Be3 Nhf6 16. f3 a5 17. Nh3 d5 18. Nf2 b5 19. Rad1 b4 20. Nd2 Rab8 21. Rb1
Rfc8 22. Nd3 dxe4 23. fxe4 Ng4 24. Bg1 1/2-1/2

[Event "Caissa New Year Int. Rating"]
[Site "Kecskemet (HUN)"]
[Date "2011.12.31"]
[Round "6.2"]
[White "Nitish, Belurkar"]
[Black "Marosi, Csaba"]
[Result "1/2-1/2"]
[WhiteElo "1662"]
[BlackElo "1972"]
[PlyCount "51"]
[EventDate "2011.??.??"]

1. d4 e6 2. Nf3 c5 3. e3 Nf6 4. Bd3 a6 5. Nbd2 b5 6. c3 Bb7 7. O-O cxd4 8. exd4
Be7 9. Re1 d6 10. Qc2 Nbd7 11. Ne4 O-O 12. Bf4 Qb6 13. Qe2 Bxe4 14. Bxe4 Nxe4
15. Qxe4 Nf6 16. Qe2 Rfc8 17. Ng5 d5 18. h3 h6 19. Nf3 b4 20. cxb4 Qxb4 21.
Rac1 a5 22. Rxc8+ Rxc8 23. Rc1 Rxc1+ 24. Bxc1 Ne4 25. Qc2 Bf6 26. Be3 1/2-1/2

[Event "Caissa New Year Int. Rating"]
[Site "Kecskemet (HUN)"]
[Date "2011.12.31"]
[Round "6.3"]
[White "Kovacs, Zoltan"]
[Black "Haukenes, Alise"]
[Result "1/2-1/2"]
[WhiteElo "2075"]
[BlackElo "1655"]
[PlyCount "44"]
[EventDate "2011.??.??"]

1. e4 c5 2. Nc3 g6 3. f4 Bg7 4. Nf3 a6 5. a4 Nc6 6. Bc4 e6 7. O-O Nge7 8. e5
O-O 9. Ne4 b6 10. c3 Nf5 11. g4 d5 12. gxf5 dxe4 13. fxe6 exf3 14. exf7+ Kh8
15. Rxf3 Bg4 16. Qf1 Bxf3 17. Qxf3 Nd4 18. Qd5 Nf5 19. d3 Qh4 20. Bd2 Qg4+ 21.
Kh1 Qh4 22. Kg2 Qg4+ 1/2-1/2

[Event "Caissa New Year Int. Rating"]
[Site "Kecskemet (HUN)"]
[Date "2012.01.01"]
[Round "7.1"]
[White "Kovacs, Zoltan"]
[Black "Zsiros, Laszlo"]
[Result "1-0"]
[WhiteElo "2075"]
[BlackElo "1904"]
[PlyCount "29"]
[EventDate "2012.??.??"]

1. e4 e5 2. f4 exf4 3. Nf3 Qf6 4. Nc3 a6 5. Nd5 Qd8 6. d4 Nf6 7. Nxf6+ Qxf6 8.
e5 Qd8 9. Bxf4 Be7 10. Bc4 b5 11. Bd5 c6 12. Be4 Bb4+ 13. c3 Ba5 14. O-O O-O
15. Bxh7+ 1-0

[Event "Caissa New Year Int. Rating"]
[Site "Kecskemet (HUN)"]
[Date "2012.01.01"]
[Round "7.2"]
[White "Haukenes, Alise"]
[Black "Nitish, Belurkar"]
[Result "0-1"]
[WhiteElo "1655"]
[BlackElo "1662"]
[PlyCount "124"]
[EventDate "2012.??.??"]

1. d4 g6 2. c4 Bg7 3. Nc3 e6 4. e4 d6 5. Nf3 Ne7 6. Be3 Nd7 7. Be2 b6 8. O-O
Bb7 9. Ne1 O-O 10. f3 a6 11. Qd2 e5 12. d5 f5 13. Nd3 Nf6 14. b4 a5 15. a3 Ba6
16. c5 fxe4 17. fxe4 Bxd3 18. Qxd3 axb4 19. axb4 bxc5 20. bxc5 Rxa1 21. Rxa1
Qb8 22. c6 Qb4 23. Rb1 Qa5 24. Qc4 h6 25. Qb3 g5 26. Qb2 Ra8 27. Qb4 Qxb4 28.
Rxb4 Ra3 29. Bd2 Ng6 30. g3 Ra1+ 31. Kg2 Ra8 32. Rb7 Rc8 33. Bd3 Ne8 34. Nb5
Ra8 35. Kf3 Ra2 36. Ke3 g4 37. Nxc7 Nxc7 38. Rxc7 h5 39. Rb7 Bh6+ 40. Kf2 Rxd2+
41. Be2 Rc2 42. Rd7 Bf8 43. Ke1 Rc1+ 44. Kd2 Rc5 45. Ba6 Ne7 46. Rxd6 Nc8 47.
Re6 Nd6 48. Rxe5 Ra5 49. Be2 Ra2+ 50. Ke1 Ra1+ 51. Kf2 Bg7 52. Bxg4 Bxe5 53.
Be6+ Kg7 54. Ke2 Nxe4 55. Kd3 Nc5+ 56. Kc4 Nxe6 57. dxe6 Kf6 58. Kb5 Kxe6 59.
Kb6 Rc1 60. h4 Bxg3 61. Kb7 Bxh4 62. c7 Kd7 0-1

[Event "Caissa New Year Int. Rating"]
[Site "Kecskemet (HUN)"]
[Date "2012.01.01"]
[Round "7.3"]
[White "Marosi, Csaba"]
[Black "Rajaryan, Kuvelkar"]
[Result "1/2-1/2"]
[WhiteElo "1972"]
[BlackElo "1687"]
[PlyCount "31"]
[EventDate "2012.??.??"]

1. e4 c5 2. Nf3 g6 3. c4 Bg7 4. d4 cxd4 5. Nxd4 Nf6 6. Nc3 Nc6 7. Be2 O-O 8.
Be3 d6 9. O-O Bd7 10. Qd2 Rc8 11. f3 Ne8 12. Rac1 a6 13. Rfd1 Qa5 14. Nxc6 bxc6
15. Bd4 Rb8 16. b3 1/2-1/2

[Event "Caissa New Year Int. Rating"]
[Site "Kecskemet (HUN)"]
[Date "2012.01.02"]
[Round "8.1"]
[White "Zsiros, Laszlo"]
[Black "Marosi, Csaba"]
[Result "1/2-1/2"]
[WhiteElo "1904"]
[BlackElo "1972"]
[PlyCount "21"]
[EventDate "2012.??.??"]

1. e4 e6 2. d4 d5 3. exd5 exd5 4. Bd3 Bd6 5. Ne2 Ne7 6. O-O O-O 7. Bf4 c6 8.
Bxd6 Qxd6 9. c3 Bf5 10. Qc2 Bxd3 11. Qxd3 1/2-1/2

[Event "Caissa New Year Int. Rating"]
[Site "Kecskemet (HUN)"]
[Date "2012.01.02"]
[Round "8.2"]
[White "Rajaryan, Kuvelkar"]
[Black "Haukenes, Alise"]
[Result "1-0"]
[WhiteElo "1687"]
[BlackElo "1655"]
[PlyCount "59"]
[EventDate "2012.??.??"]

1. d4 Nf6 2. Nf3 e6 3. Bg5 Be7 4. Nbd2 b6 5. e4 h6 6. Bxf6 Bxf6 7. Bd3 d6 8.
O-O Nd7 9. Qe2 e5 10. dxe5 Nxe5 11. Nxe5 Bxe5 12. c3 O-O 13. f4 Bf6 14. e5 dxe5
15. Qe4 g6 16. fxe5 Bxe5 17. Qxe5 Qxd3 18. Ne4 f5 19. Nf6+ Kf7 20. Rad1 Qc4 21.
Nd7 Qc6 22. Nxf8 Kxf8 23. Rd8+ Kf7 24. Re1 Qc5+ 25. Qxc5 bxc5 26. Ree8 Rb8 27.
b3 c4 28. Rxc8 cxb3 29. Rxb8 bxa2 30. Re1 1-0

[Event "Caissa New Year Int. Rating"]
[Site "Kecskemet (HUN)"]
[Date "2012.01.02"]
[Round "8.3"]
[White "Nitish, Belurkar"]
[Black "Kovacs, Zoltan"]
[Result "0-1"]
[WhiteElo "1662"]
[BlackElo "2075"]
[PlyCount "54"]
[EventDate "2012.??.??"]

1. d4 Nf6 2. Nf3 d6 3. Bg5 Nbd7 4. Nbd2 c6 5. e4 e5 6. c3 Be7 7. Bxf6 Bxf6 8.
Nc4 Qc7 9. dxe5 dxe5 10. Nd6+ Ke7 11. Nf5+ Kf8 12. Ng3 g6 13. Qd2 Kg7 14. h4 h5
15. O-O-O Nc5 16. Qe3 Qa5 17. Kb1 Be6 18. c4 Rhd8 19. Be2 Bg4 20. Ng5 Bxe2 21.
Qxe2 Bxg5 22. hxg5 Ne6 23. Rxd8 Qxd8 24. Rh3 Nf4 25. Qf1 Nxh3 26. gxh3 Qxg5 27.
Qg1 h4 0-1

[Event "Caissa New Year Int. Rating"]
[Site "Kecskemet (HUN)"]
[Date "2012.01.03"]
[Round "9.1"]
[White "Nitish, Belurkar"]
[Black "Zsiros, Laszlo"]
[Result "1/2-1/2"]
[WhiteElo "1662"]
[BlackElo "1904"]
[PlyCount "80"]
[EventDate "2012.??.??"]

1. d4 d5 2. Nf3 c6 3. e3 Bf5 4. c4 e6 5. Nc3 Bd6 6. Qb3 b6 7. cxd5 exd5 8. Bd2
Ne7 9. Rc1 O-O 10. Be2 Nd7 11. O-O h6 12. Rfd1 Re8 13. h3 Rc8 14. Ne1 Bb8 15.
Bd3 Qc7 16. f4 Qd6 17. Qc2 Qe6 18. Nf3 Bxd3 19. Qxd3 f5 20. Ne5 Nf6 21. Rf1 Ne4
22. Nxe4 fxe4 23. Qc2 Bxe5 24. fxe5 Nf5 25. Rf2 c5 26. Qd1 cxd4 27. Rxc8 Rxc8
28. Qg4 dxe3 29. Bxe3 Rf8 30. Bxh6 Qxh6 31. Rxf5 Re8 32. Rh5 Qe6 33. Qh4 Kf7
34. g4 Qg6 35. Rg5 Qe6 36. Qh7 Qh6 37. Qf5+ Ke7 38. e6 Qxe6 39. Qf4 Kd7 40.
Rxg7+ Re7 1/2-1/2

[Event "Caissa New Year Int. Rating"]
[Site "Kecskemet (HUN)"]
[Date "2012.01.03"]
[Round "9.2"]
[White "Kovacs, Zoltan"]
[Black "Rajaryan, Kuvelkar"]
[Result "1/2-1/2"]
[WhiteElo "2075"]
[BlackElo "1687"]
[PlyCount "33"]
[EventDate "2012.??.??"]

1. e4 e5 2. f4 d6 3. Nf3 Nc6 4. Nc3 Nf6 5. Bb5 Bg4 6. d3 Be7 7. Be3 O-O 8. h3
Bxf3 9. Qxf3 exf4 10. Qxf4 Nh5 11. Qf3 Bh4+ 12. Kd2 Ng3 13. Bxc6 bxc6 14. Rhg1
f5 15. e5 d5 16. Bf4 Ne4+ 17. Ke2 1/2-1/2

[Event "Caissa New Year Int. Rating"]
[Site "Kecskemet (HUN)"]
[Date "2012.01.03"]
[Round "9.3"]
[White "Haukenes, Alise"]
[Black "Marosi, Csaba"]
[Result "1/2-1/2"]
[WhiteElo "1655"]
[BlackElo "1972"]
[PlyCount "23"]
[EventDate "2012.??.??"]

1. d4 e6 2. c4 d5 3. Nc3 c5 4. cxd5 exd5 5. Nf3 Nc6 6. Bf4 Nf6 7. h3 Be7 8. e3
c4 9. Be2 O-O 10. O-O Bf5 11. Nh4 Be6 12. Nf3 1/2-1/2

[Event "Caissa New Year Int. Rating"]
[Site "Kecskemet (HUN)"]
[Date "2012.01.04"]
[Round "10.1"]
[White "Zsiros, Laszlo"]
[Black "Haukenes, Alise"]
[Result "1/2-1/2"]
[WhiteElo "1904"]
[BlackElo "1655"]
[PlyCount "23"]
[EventDate "2012.??.??"]

1. d4 g6 2. c3 Bg7 3. e4 d5 4. e5 e6 5. Bd3 c5 6. Nf3 Nc6 7. O-O Nge7 8. Na3 a6
9. Re1 cxd4 10. cxd4 O-O 11. Nc2 Qb6 12. b3 1/2-1/2

[Event "Caissa New Year Int. Rating"]
[Site "Kecskemet (HUN)"]
[Date "2012.01.04"]
[Round "10.2"]
[White "Marosi, Csaba"]
[Black "Kovacs, Zoltan"]
[Result "1/2-1/2"]
[WhiteElo "1972"]
[BlackElo "2075"]
[PlyCount "23"]
[EventDate "2012.??.??"]

1. e4 c5 2. Nf3 Nc6 3. d4 cxd4 4. Nxd4 Nf6 5. Nc3 e5 6. Ndb5 d6 7. Bg5 a6 8.
Na3 b5 9. Bxf6 gxf6 10. Nd5 Bg7 11. Bd3 O-O 12. O-O 1/2-1/2

[Event "Caissa New Year Int. Rating"]
[Site "Kecskemet (HUN)"]
[Date "2012.01.04"]
[Round "10.3"]
[White "Rajaryan, Kuvelkar"]
[Black "Nitish, Belurkar"]
[Result "1/2-1/2"]
[WhiteElo "1687"]
[BlackElo "1662"]
[PlyCount "21"]
[EventDate "2012.??.??"]

1. d4 d5 2. Nf3 c6 3. e3 Bf5 4. c4 e6 5. Nc3 Nf6 6. cxd5 exd5 7. Ne5 Nbd7 8. f4
Ne4 9. Bd3 Qh4+ 10. g3 Nxg3 11. Nf3 1/2-1/2